[Event "Erfurt HT op 27th"]
[Site "Erfurt"]
[Date "2017.12.26"]
[Round "1"]
[White "Haugk, Franko"]
[Black "Happel, Jonas"]
[Result "1-0"]
[WhiteElo "1989"]
[BlackElo "1743"]
[PlyCount "73"]
[EventDate "2017.12.26"]
[EventType "swiss"]
[EventRounds "8"]
[EventCountry "GER"]
[SourceTitle "CBM 182 Extra"]
[Source "ChessBase"]
[SourceDate "2018.02.23"]
[SourceVersion "1"]
[SourceVersionDate "2018.02.23"]
[SourceQuality "1"]

1. e4 c5 2. Nc3 g6 3. Nf3 Bg7 4. Bc4 Nc6 5. 0-0 Nf6 6. e5 Ng8 7. Re1 Nh6 8. d4 cxd4 9. Nb5 0-0 10. Bf4 a6 11. Nbxd4 Qc7 12. Nxc6 dxc6 13. Qc1 g5 14. Nxg5 e6 15. Ne4 Nf5 16. Bd3 Kh8 17. Ng5 h6 18. Nf3 Qe7 19. Bxf5 exf5 20. Bxh6 Qe6 21. Bg5 Qg6 22. Qf4 Be6 23. Re3 Rfd8 24. Qh4+ Qh7 25. Bxd8 f4 26. Qxh7+ Kxh7 27. Rd3 Bf5 28. Rd2 Bh6 29. Rad1 Be4 30. Ng5+ Bxg5 31. Bxg5 Rg8 32. h4 f3 33. gxf3 Bxf3 34. Re1 Bd5 35. b3 b5 36. Kh2 Re8 37. Bf6 1-0

[Event "Rhein Main op-B 20th"]
[Site "Bad Homburg"]
[Date "2017.06.17"]
[Round "6"]
[White "Deutsch, Volker"]
[Black "Happel, Jonas"]
[Result "1/2-1/2"]
[WhiteElo "1630"]
[BlackElo "1751"]
[PlyCount "38"]
[EventDate "2017.06.14"]
[EventType "swiss"]
[EventRounds "7"]
[EventCountry "GER"]
[SourceTitle "EXT 2018"]
[Source "ChessBase"]
[SourceDate "2017.10.13"]
[SourceVersion "1"]
[SourceVersionDate "2017.10.13"]
[SourceQuality "1"]

1. e4 c5 2. Nf3 Nc6 3. d4 cxd4 4. Nxd4 g6 5. Nc3 Bg7 6. Be3 Nf6 7. Be2 0-0 8. 0-0 d5 9. exd5 Nxd5 10. Nxd5 Nxd4 11. Bxd4 Qxd5 12. Bxg7 Qxd1 13. Raxd1 Kxg7 14. Rd2 Bf5 15. Bd3 Bxd3 16. Rxd3 Rfd8 17. Rfd1 Rxd3 18. Rxd3 Kf8 19. f3 Ke8 1/2-1/2

[Event "Wiesbaden op 25th"]
[Site "Wiesbaden"]
[Date "2013.08.24"]
[Round "5"]
[White "Cichy, Michael"]
[Black "Happel, Jonas"]
[Result "1-0"]
[WhiteElo "1992"]
[BlackElo "1780"]
[PlyCount "83"]
[EventDate "2013.08.22"]
[EventType "swiss"]
[EventRounds "7"]
[EventCountry "GER"]
[SourceTitle "EXT 2014"]
[Source "ChessBase"]
[SourceDate "2013.11.20"]
[SourceVersion "1"]
[SourceVersionDate "2013.11.20"]
[SourceQuality "1"]

1. d4 d5 2. Nf3 Nf6 3. c4 e6 4. Nc3 c6 5. Bg5 Be7 6. e3 0-0 7. Qc2 Nbd7 8. 0-0-0 h6 9. h4 Nh7 10. Bf4 f5 11. Kb1 Nhf6 12. cxd5 cxd5 13. Bd3 Ne4 14. Nb5 e5 15. Nxe5 Nxe5 16. Bxe5 Bd6 17. Bxd6 Nxd6 18. Nc7 Rb8 19. Nxd5 Be6 20. Nf4 Bf7 21. d5 Rc8 22. Qa4 a6 23. Rc1 Rxc1+ 24. Kxc1 Ne4 25. Bxe4 fxe4 26. Qd4 Qc7+ 27. Kb1 Rc8 28. Qd2 Rd8 29. h5 Qd6 30. Rd1 Kh7 31. Qd4 Re8 32. a3 b5 33. Rc1 Kg8 34. Rc6 Qd7 35. Rxa6 b4 36. Ra7 Qb5 37. axb4 Rc8 38. Qxe4 Qf1+ 39. Ka2 Re8 40. Ne6 Bxe6 41. dxe6 Qxf2 42. Qg6 1-0

[Event "Wiesbaden op 25th"]
[Site "Wiesbaden"]
[Date "2013.08.23"]
[Round "2"]
[White "Happel, Jonas"]
[Black "Gerlach, Manuel"]
[Result "1-0"]
[WhiteElo "1780"]
[BlackElo "1260"]
[PlyCount "95"]
[EventDate "2013.08.22"]
[EventType "swiss"]
[EventRounds "7"]
[EventCountry "GER"]
[SourceTitle "EXT 2014"]
[Source "ChessBase"]
[SourceDate "2013.11.20"]
[SourceVersion "1"]
[SourceVersionDate "2013.11.20"]
[SourceQuality "1"]

1. d4 d5 2. Nf3 Nf6 3. c4 e6 4. Nc3 c6 5. e3 Be7 6. Bd3 0-0 7. 0-0 Re8 8. a3 a5 9. Bd2 Nbd7 10. c5 b6 11. b4 Qc7 12. Qc2 Ba6 13. Bxa6 Rxa6 14. b5 cxb5 15. Nxb5 Qc6 16. a4 bxc5 17. dxc5 Bxc5 18. Rfc1 Rc8 19. Qd3 e5 20. Nfd4 Qb7 21. Nb3 e4 22. Qc2 Qc6 23. Nxa5 Qb6 24. Rab1 Rxa5 25. Bxa5 Qxa5 26. Nd6 Rc6 27. Rb5 Qc7 28. Nb7 Ng4 29. g3 Nxe3 30. Qd2 Nc4 31. Qxd5 Ncb6 32. Qxe4 Qxb7 33. Rcxc5 Rc7 34. Qxb7 Rxb7 35. Rc8+ Nxc8 36. Rxb7 Nf8 37. a5 Nd6 38. Rb6 Nf5 39. a6 Nd4 40. Rb8 Nc6 41. Rc8 Na7 42. Rb8 g6 43. Rb7 Nc6 44. Rc7 Na5 45. a7 Ne6 46. a8Q+ Kg7 47. Qxa5 Nxc7 48. Qxc7 1-0

[Event "Rhein Main op-B 14th"]
[Site "Bad Homburg"]
[Date "2011.06.25"]
[Round "5"]
[White "Happel, Jonas"]
[Black "Sigl, Christian"]
[Result "1-0"]
[WhiteElo "1715"]
[BlackElo "1327"]
[PlyCount "67"]
[EventDate "2011.06.22"]
[EventType "swiss"]
[EventRounds "7"]
[EventCountry "GER"]
[SourceTitle "EXT 2012"]
[Source "ChessBase"]
[SourceDate "2011.11.24"]
[SourceVersion "1"]
[SourceVersionDate "2011.11.24"]
[SourceQuality "1"]

1. d4 d5 2. c4 e6 3. Nc3 Nf6 4. Nf3 c6 5. Bg5 Nbd7 6. e3 Bb4 7. Rc1 Qa5 8. Bxf6 Nxf6 9. Qb3 c5 10. a3 Bxc3+ 11. Qxc3 Qxc3+ 12. Rxc3 cxd4 13. Nxd4 Ne4 14. Rc2 dxc4 15. Bxc4 a6 16. 0-0 Bd7 17. Rd1 0-0 18. f3 Nf6 19. e4 e5 20. Nf5 Bxf5 21. exf5 Rac8 22. Rdc1 Rfd8 23. Bxf7+ Kxf7 24. Rxc8 Rd2 25. R1c7+ Rd7 26. Rxd7+ Nxd7 27. Rc7 Ke7 28. Rxb7 Kd6 29. Ra7 Nf6 30. Rxa6+ Kd5 31. Ra7 g6 32. Ra6 Ne8 33. fxg6 hxg6 34. Rxg6 1-0

[Event "Rhein Main op-B 14th"]
[Site "Bad Homburg"]
[Date "2011.06.23"]
[Round "2"]
[White "Schmitz, Tim"]
[Black "Happel, Jonas"]
[Result "1-0"]
[WhiteElo "1934"]
[BlackElo "1715"]
[PlyCount "53"]
[EventDate "2011.06.22"]
[EventType "swiss"]
[EventRounds "7"]
[EventCountry "GER"]
[SourceTitle "EXT 2012"]
[Source "ChessBase"]
[SourceDate "2011.11.24"]
[SourceVersion "1"]
[SourceVersionDate "2011.11.24"]
[SourceQuality "1"]

1. e4 c5 2. c3 e6 3. d4 cxd4 4. cxd4 d5 5. e5 Nc6 6. Nf3 Bd7 7. Nc3 Qb6 8. a3 a5 9. Be3 Nge7 10. Bd3 Na7 11. 0-0 Nec6 12. Qe2 Be7 13. Rac1 Nd8 14. Rfd1 f6 15. exf6 gxf6 16. Bf4 Bd6 17. Nxd5 Qb3 18. Bc4 Qa4 19. Bxd6 Kf7 20. Nb6 Qc6 21. Bxe6+ Nxe6 22. Rxc6 Bxc6 23. Nxa8 Rxa8 24. d5 Bxd5 25. Rxd5 Re8 26. Ne5+ fxe5 27. Qh5+ 1-0

[Event "Rhein Main op-B 14th"]
[Site "Bad Homburg"]
[Date "2011.06.22"]
[Round "1"]
[White "Happel, Jonas"]
[Black "Peschk, Kathrin"]
[Result "1-0"]
[WhiteElo "1715"]
[BlackElo "950"]
[PlyCount "49"]
[EventDate "2011.06.22"]
[EventType "swiss"]
[EventRounds "7"]
[EventCountry "GER"]
[SourceTitle "EXT 2012"]
[Source "ChessBase"]
[SourceDate "2011.11.24"]
[SourceVersion "1"]
[SourceVersionDate "2011.11.24"]
[SourceQuality "1"]

1. d4 d5 2. Nf3 Nf6 3. c4 e6 4. Nc3 Be7 5. Bg5 b6 6. Qb3 Bb7 7. e3 Nbd7 8. a4 0-0 9. a5 a6 10. axb6 cxb6 11. Bxf6 Bxf6 12. cxd5 exd5 13. Nxd5 Bxd5 14. Qxd5 a5 15. Bb5 Ra7 16. b4 Be7 17. bxa5 Bb4+ 18. Ke2 Bxa5 19. Bd3 Nf6 20. Qxd8 Rxd8 21. Rhc1 Raa8 22. Ne5 Rdc8 23. Nc6 h6 24. Ne7+ Kf8 25. Rxc8+ 1-0

[Event "Hessen-ch Gr-E 64th"]
[Site "Bad Vilbel"]
[Date "2010.04.02"]
[Round "1"]
[White "Happel, Jonas"]
[Black "Robles Ayllon, Daniel"]
[Result "1/2-1/2"]
[WhiteElo "1388"]
[BlackElo "1469"]
[PlyCount "75"]
[EventDate "2010.03.31"]
[EventType "swiss"]
[EventRounds "5"]
[EventCountry "GER"]
[SourceTitle "EXT 2011"]
[Source "ChessBase"]
[SourceDate "2010.11.26"]
[SourceVersion "1"]
[SourceVersionDate "2010.11.26"]
[SourceQuality "1"]

1. d4 Nf6 2. Nf3 e6 3. Bg5 Be7 4. e3 d5 5. c4 0-0 6. c5 Nc6 7. a3 b6 8. b4 bxc5 9. bxc5 a5 10. Bb5 Bd7 11. Bxc6 Bxc6 12. 0-0 Bb5 13. Re1 Ne4 14. Bxe7 Qxe7 15. a4 Ba6 16. Qc2 c6 17. Nbd2 Nf6 18. e4 dxe4 19. Nxe4 Nd5 20. Ne5 Nb4 21. Qd2 f6 22. Nf3 Bc4 23. Nd6 Bd5 24. Ra3 Qd7 25. Qc1 Rab8 26. Nd2 Na6 27. N2c4 Bxc4 28. Qxc4 Nc7 29. Rb3 Nd5 30. Reb1 Rb4 31. Rxb4 axb4 32. a5 Rb8 33. a6 Nc3 34. Ra1 Nb5 35. Nxb5 cxb5 36. a7 Ra8 37. Qxb4 Rxa7 38. Rxa7 1/2-1/2